(An) Awkward Size for a Town. (Запис № 468486)
[ простий вигляд ]
| 000 -LEADER | |
|---|---|
| fixed length control field | 01257nam a2200289M 4500 |
| 001 - CONTROL NUMBER | |
| control field | anawkwardsizefor00huds |
| 003 - CONTROL NUMBER IDENTIFIER | |
| control field | CaSfIA |
| 005 - DATE AND TIME OF LATEST TRANSACTION | |
| control field | 20210117183957.0 |
| 007 - PHYSICAL DESCRIPTION FIXED FIELD--GENERAL INFORMATION | |
| fixed length control field | cr|||| |
| 008 - FIXED-LENGTH DATA ELEMENTS--GENERAL INFORMATION | |
| fixed length control field | 091214s1967 xxu 000 u eng d |
| 040 ## - CATALOGING SOURCE | |
| Original cataloging agency | DKDLA |
| Language of cataloging | dan |
| Transcribing agency | DKDLA |
| Modifying agency | CaSfIA |
| 035 ## - SYSTEM CONTROL NUMBER | |
| System control number | (OCoLC)488572262 |
| 029 0# - (OCLC) | |
| OCLC library identifier | DKDLA |
| System control number | 35626602 |
| 245 00 - TITLE STATEMENT | |
| Title | (An) Awkward Size for a Town. |
| Medium | [electronic resource] |
| 260 ## - PUBLICATION, DISTRIBUTION, ETC. (IMPRINT) | |
| Place of publication, distribution, etc | Newton, |
| Date of publication, distribution, etc | 1967. |
| 300 ## - PHYSICAL DESCRIPTION | |
| Extent | 212 s. : |
| Other physical details | reg. : |
| -- | ill. |
| 506 ## - RESTRICTIONS ON ACCESS NOTE | |
| Standardized terminology for access restriction | Необхідна авторизація на https://archive.org/ (створення облікового запису безкоштовно) |
| 506 ## - RESTRICTIONS ON ACCESS NOTE | |
| Standardized terminology for access restriction | Необхідна авторизація на https://openlibrary.org/ (створення облікового запису безкоштовно) |
| 650 #4 - SUBJECT ADDED ENTRY--TOPICAL TERM | |
| Topical term or geographic name as entry element | Byplanlægning. |
| 650 #4 - SUBJECT ADDED ENTRY--TOPICAL TERM | |
| Topical term or geographic name as entry element | Sociologi. |
| 651 #4 - SUBJECT ADDED ENTRY--GEOGRAPHIC NAME | |
| Geographic name | Swindon. |
| 700 1# - ADDED ENTRY--PERSONAL NAME | |
| Personal name | Hudson, Kenneth. |
| 856 41 - ELECTRONIC LOCATION AND ACCESS | |
| Uniform Resource Identifier | <a href="http://www.archive.org/details/anawkwardsizefor00huds">http://www.archive.org/details/anawkwardsizefor00huds</a> |
| Public note | Free eBook from the Internet Archive |
| 856 42 - ELECTRONIC LOCATION AND ACCESS | |
| Uniform Resource Identifier | <a href="http://www.openlibrary.org/books/OL24200154M">http://www.openlibrary.org/books/OL24200154M</a> |
| Public note | Additional information and access via Open Library |
| 942 ## - ADDED ENTRY ELEMENTS (KOHA) | |
| Koha item type | ЕКнига |
Немає доступних примірників.